000
00282nam a22001217a 4500
008
181220b xxu||||| |||| 00| 0 eng d
041
_a
eng
080
_a
530
100
_a
43
101
_a
FIZ
245
_a
General Physics A Textbook for Colleges
_c
Blackwoord,O
942
_2
udc
_c
BK
999
_c
53548
_d
53548